00291nam a2200121Ia 4500008004100000100001400041245004100055260003000096300000800126650001300134942000700147999001500154190216s9999||||xx |||||||||||||| ||und|| aMatt Haig 0aBusiness Essentials The Sunday Times bKogan Paper India Lilited a122 aCommerce cBK c6886d6886